000 00823cam a2200229 i 4500
999 _c57533
_d57533
001 18345117
005 20211220134119.0
006 m |o d |
008 141023s2015 nju ob 001 0 Eng
020 _z9781118568491
041 _a Eng
080 _a729.29 E-70
100 1 _aErmann, Michael
_q(Michael A.)
_99011
245 1 0 _aArchitectural acoustics illustrated /
_cMichael Ermann.
264 1 _aHoboken, New Jersey :
_bWiley,
_c2015.
300 _a249 p.
_b28 cm.
653 _aტექნოლოგია და ინჟინერია
653 _a არქიტექტურული აკუსტიკა
653 _aАрхитектурная акустика
856 4 0 _3Cover image
_uhttp://catalogimages.wiley.com/images/db/jimages/9781118568491.jpg
942 _2udc
_cBK